| 000 | 00000nam 2200000za 4500 |
| 001 | 9.858381 |
| 003 | CaOODSP |
| 005 | 20250217151901 |
| 007 | cr ||||||||||| |
| 008 | 181210s2018 quca o f000 0 iku d |
| 020 | |a9780660270746 |
| 040 | |aCaOODSP|beng |
| 043 | |an-cn--- |
| 086 | 1 |aEm4-18/2017Ivq-PDF |
| 245 | 00|a[Canada Learning Bond |h[electronic resource] : |bget $500 for your child’s future]. |
| 250 | |a[Inuvialuktun edition]. |
| 260 | |a[Gatineau, QC] : |bEmployment and Social Development Canada, |cc2018. |
| 300 | |a[2] p. : |bcol. ill. |
| 500 | |aCover title. |
| 500 | |aEnglish title supplied by the publisher. |
| 500 | |aIssued also in English under title: Canada Learning Bond: get $500 for your child’s future. |
| 530 | |aIssued also in print format. |
| 546 | |aText in Inuvialuktun. |
| 692 | 07|2gccst|aPostsecondary education |
| 692 | 07|2gccst|aGrants |
| 710 | 1 |aCanada. |bEmployment and Social Development Canada. |
| 775 | 08|tCanada Learning Bond |w(CaOODSP)9.838788 |
| 776 | 0#|tCanada Learning Bond : |w(CaOODSP)9.858382 |
| 792 | |t[Bon d'études canadien |efre|w(CaOODSP)9.860070 |
| 856 | 40|qPDF|s589 KB|uhttps://publications.gc.ca/collections/collection_2018/edsc-esdc/Em4-18-2017-ivq.pdf |